[Event "HUN-chT 2122"]
[Site "Hungary"]
[Date "2022.01.30"]
[Round "5.12"]
[White "Lengyel, Andrea"]
[Black "Markus, Molli Amina"]
[Result "1/2-1/2"]
[WhiteElo "2090"]
[BlackElo "1837"]
[PlyCount "71"]
[EventDate "2021.10.10"]
[EventType "team-tourn"]
[EventRounds "9"]
[EventCountry "HUN"]
[SourceTitle "EXT 2023"]
[Source "ChessBase"]
[SourceDate "2022.10.05"]
[SourceVersion "1"]
[SourceVersionDate "2022.10.05"]
[SourceQuality "1"]
[WhiteTeam "Dunaharaszti"]
[BlackTeam "Maroczy"]
[WhiteTeamCountry "HUN"]
[BlackTeamCountry "HUN"]

1. d4 Nf6 2. c4 g6 3. f3 Bg7 4. e4 d6 5. Nc3 0-0 6. Be3 e5 7. Nge2 a5 8. Qd2 exd4 9. Nxd4 Bd7 10. Be2 Nc6 11. Nxc6 Bxc6 12. 0-0 Qd7 13. Rad1 Rfe8 14. Bg5 h5 15. Rfe1 b6 16. Bf1 Nh7 17. Bf4 Rad8 18. h3 Nf8 19. Bg5 f6 20. Be3 Ne6 21. a3 Qf7 22. Qc2 g5 23. g4 hxg4 24. hxg4 Nf8 25. Ne2 Ng6 26. Nd4 Bb7 27. Bf2 Ne5 28. Bg3 c5 29. Bxe5 dxe5 30. Nf5 Qc7 31. Rxd8 Rxd8 32. Rd1 Bc8 33. Ne3 Be6 34. Rd2 Rd4 35. Rd3 Qd7 36. Qd1 1/2-1/2

[Event "HUN-chT U18"]
[Site "Budapest"]
[Date "2019.10.29"]
[Round "7.4"]
[White "Lakatos, Tamas"]
[Black "Lengyel, Andrea"]
[Result "0-1"]
[WhiteElo "1893"]
[BlackElo "1872"]
[PlyCount "48"]
[EventDate "2019.10.26"]
[EventType "team-swiss"]
[EventRounds "7"]
[EventCountry "HUN"]
[SourceTitle "CBM 192 Extra"]
[Source "Chessbase"]
[SourceDate "2019.11.06"]
[SourceVersion "1"]
[SourceVersionDate "2019.11.06"]
[SourceQuality "1"]
[WhiteTeam "Budapest MTK II"]
[BlackTeam "Dunaharaszti"]
[WhiteTeamCountry "HUN"]
[BlackTeamCountry "HUN"]

1. e4 c5 2. c3 d5 3. exd5 Qxd5 4. d4 Nc6 5. Nf3 Bg4 6. Be2 cxd4 7. cxd4 e6 8. 0-0 Nf6 9. Nc3 Qd7 10. Be3 Bd6 11. h3 Bh5 12. Bg5 Be7 13. Be3 Bd6 14. Kh1 Bc7 15. Bg5 Nd5 16. Ne4 f6 17. Bh4 Nf4 18. Bxf6 Nxe2 19. Qxe2 0-0 20. g4 Bg6 21. Bh4 Qd5 22. Nfd2 Nxd4 23. Qd3 Rf3 24. Nxf3 Bxe4 0-1

[Event "HUN-chT U18"]
[Site "Budapest"]
[Date "2019.10.28"]
[Round "5.4"]
[White "Tancz, Janos"]
[Black "Lengyel, Andrea"]
[Result "0-1"]
[WhiteElo "1486"]
[BlackElo "1872"]
[PlyCount "84"]
[EventDate "2019.10.26"]
[EventType "team-swiss"]
[EventRounds "7"]
[EventCountry "HUN"]
[SourceTitle "CBM 192 Extra"]
[Source "Chessbase"]
[SourceDate "2019.11.06"]
[SourceVersion "1"]
[SourceVersionDate "2019.11.06"]
[SourceQuality "1"]
[WhiteTeam "Barcza Gedeon"]
[BlackTeam "Dunaharaszti"]
[WhiteTeamCountry "HUN"]
[BlackTeamCountry "HUN"]

1. e4 c5 2. Nf3 Nc6 3. d4 cxd4 4. Nxd4 Nf6 5. Nc3 e5 6. Ndb5 d6 7. Bg5 a6 8. Na3 b5 9. Nd5 Be7 10. Bxf6 Bxf6 11. Nxf6+ Qxf6 12. Qd5 Bb7 13. Rd1 Ke7 14. f3 Rab8 15. Qd2 Rhd8 16. c3 Qe6 17. b3 Kf8 18. Be2 Ne7 19. 0-0 d5 20. Kh1 Bc6 21. exd5 Nxd5 22. c4 b4 23. cxd5 Rxd5 24. Qc2 bxa3 25. Rxd5 Bxd5 26. Qxh7 Rc8 27. Qh8+ Ke7 28. Qxg7 Rc2 29. Qg5+ f6 30. Qg7+ Qf7 31. Qxf7+ Bxf7 32. Bxa6 Rxa2 33. h4 Rb2 34. Ra1 a2 35. Kh2 Bxb3 36. Bd3 Rd2 37. Bf1 Rd1 38. Bc4 Rxa1 39. Bxb3 Rh1+ 40. Kxh1 a1Q+ 41. Kh2 Qd4 42. Kh3 e4 0-1

[Event "HUN-chT2 Maroczy 1718"]
[Site "Hungary"]
[Date "2017.12.17"]
[Round "4.11"]
[White "Lengyel, Andrea"]
[Black "Gorcsi, Gabor"]
[Result "0-1"]
[WhiteElo "1883"]
[BlackElo "2157"]
[PlyCount "50"]
[EventDate "2017.10.29"]
[EventType "team-tourn"]
[EventRounds "9"]
[EventCountry "HUN"]
[SourceTitle "EXT 2021"]
[Source "ChessBase"]
[SourceDate "2020.10.23"]
[SourceVersion "1"]
[SourceVersionDate "2020.10.23"]
[SourceQuality "1"]
[WhiteTeam "Dunaharaszti II"]
[BlackTeam "Budapest HASE"]
[WhiteTeamCountry "HUN"]
[BlackTeamCountry "HUN"]

1. d4 Nf6 2. c4 g6 3. f3 Bg7 4. e4 0-0 5. Nc3 d6 6. Be3 e5 7. d5 Na6 8. Nge2 c6 9. g4 cxd5 10. cxd5 Bxg4 11. fxg4 Nxg4 12. Qd2 Qh4+ 13. Kd1 Nxe3+ 14. Qxe3 f5 15. Qg3 Qe7 16. h4 Nc5 17. Bg2 b5 18. b4 Na4 19. Nxa4 bxa4 20. Nc3 Rac8 21. Qd3 Bh6 22. Rh3 Qc7 23. Qb5 fxe4 24. Bxe4 Rf2 25. Bd3 Rd2+ 0-1

[Event "Budapest Gyorgy Memorial 2nd"]
[Site "Budapest"]
[Date "2017.10.12"]
[Round "1.1"]
[White "Lengyel, Andrea"]
[Black "Galuszka, Tomasz"]
[Result "0-1"]
[WhiteElo "1810"]
[BlackElo "1934"]
[PlyCount "184"]
[EventDate "2017.10.12"]
[EventType "swiss"]
[EventRounds "7"]
[EventCountry "HUN"]
[SourceTitle "EXT 2019"]
[Source "ChessBase"]
[SourceDate "2018.10.10"]
[SourceVersion "1"]
[SourceVersionDate "2018.10.10"]
[SourceQuality "1"]

1. d4 d5 2. Nf3 Nf6 3. c4 c6 4. e3 Bf5 5. Nc3 e6 6. Nh4 Bg6 7. Nxg6 hxg6 8. Bd3 Bd6 9. h3 Nbd7 10. cxd5 exd5 11. a3 Qe7 12. Bd2 Ne4 13. Bxe4 dxe4 14. b4 Nf6 15. Qb3 0-0 16. Ne2 a6 17. Rc1 Nd5 18. Nc3 Nxc3 19. Bxc3 Rad8 20. h4 Qd7 21. Qd1 Qf5 22. g4 Qe6 23. Qe2 f5 24. gxf5 gxf5 25. h5 Qd5 26. h6 g6 27. Qf1 Kh7 28. Qg2 Rg8 29. Qg5 Rde8 30. Rh3 Rgf8 31. Bd2 Qe6 32. Qg2 Rf7 33. Qf1 Qd5 34. Qc4 Qxc4 35. Rxc4 Rd7 36. f4 exf3 37. Rxf3 Bf8 38. Rh3 Re4 39. Kf2 Rde7 40. Rc1 R7e6 41. Rch1 Be7 42. Rg1 g5 43. Rgh1 Bf8 44. Rf3 Rf6 45. Rh5 Bxh6 46. Rfh3 Kg7 47. d5 g4 48. Rh1 Rc4 49. dxc6 Rcxc6 50. Ke2 b5 51. Rf1 Kg6 52. Rfh1 Bg5 53. Rh8 Rf7 54. R1h5 Rg7 55. Kd3 Rd6+ 56. Ke2 Rc6 57. e4 f4 58. Rh1 f3+ 59. Kd1 Bxd2 60. Kxd2 Kf7 61. Rd8 Ke7 62. Ra8 Rd6+ 63. Ke3 Kf7 64. Ra7+ Kg6 65. Ra8 Re6 66. Rf8 Rf6 67. Rfh8 g3 68. R8h6+ Kf7 69. Rxf6+ Kxf6 70. Kxf3 g2 71. Rg1 Ke5 72. Ke3 Rg3+ 73. Kf2 Rxa3 74. Kxg2 Kxe4 75. Rd1 Ra4 76. Rd6 Ke5 77. Rh6 Kd4 78. Rc6 Kd5 79. Rc5+ Kd6 80. Rh5 Rxb4 81. Rh6+ Kc5 82. Rxa6 Rf4 83. Kg3 Rf8 84. Ra7 Kc4 85. Rc7+ Kb3 86. Re7 b4 87. Re2 Ka3 88. Re3+ b3 89. Re7 Ka2 90. Ra7+ Kb1 91. Rb7 b2 92. Rb6 Rc8 0-1

[Event "HUN-ch U14 Girls"]
[Site "Balatonlelle"]
[Date "2016.06.29"]
[Round "8"]
[White "Pasti, Anna"]
[Black "Lengyel, Andrea"]
[Result "0-1"]
[WhiteElo "1229"]
[BlackElo "1845"]
[PlyCount "60"]
[EventDate "2016.06.24"]
[EventType "tourn"]
[EventRounds "9"]
[EventCountry "HUN"]
[SourceTitle "CBM 173 Extra"]
[Source "ChessBase"]
[SourceDate "2016.08.29"]
[SourceVersion "1"]
[SourceVersionDate "2016.08.29"]
[SourceQuality "1"]

1. e4 c5 2. Nf3 Nf6 3. Nc3 d5 4. e5 Nfd7 5. d4 e6 6. Be3 Nc6 7. Bb5 Be7 8. Qd2 h6 9. h3 a6 10. Bxc6 bxc6 11. Na4 cxd4 12. Bxd4 c5 13. Bc3 Bb7 14. b3 d4 15. Bb2 Bxf3 16. gxf3 Nxe5 17. Qe2 Ng6 18. Qe4 Rc8 19. 0-0-0 Qc7 20. Kb1 Qc6 21. Qe2 Bf6 22. Ba1 Nf4 23. Qc4 Nd5 24. Rhg1 Qb5 25. Qf1 Rb8 26. Qxb5+ Rxb5 27. Rge1 0-0 28. Rd2 Rfb8 29. Re4 Ra5 30. Bb2 c4 0-1

[Event "HUN-ch U14 Girls"]
[Site "Balatonlelle"]
[Date "2016.06.28"]
[Round "6"]
[White "Lengyel, Andrea"]
[Black "Dan, Anna"]
[Result "1-0"]
[WhiteElo "1845"]
[BlackElo "1392"]
[PlyCount "120"]
[EventDate "2016.06.24"]
[EventType "tourn"]
[EventRounds "9"]
[EventCountry "HUN"]
[SourceTitle "CBM 173 Extra"]
[Source "ChessBase"]
[SourceDate "2016.08.29"]
[SourceVersion "1"]
[SourceVersionDate "2016.08.29"]
[SourceQuality "1"]

1. d4 d5 2. Nf3 Nf6 3. c4 c6 4. Nc3 dxc4 5. e3 Bf5 6. Bxc4 e6 7. h3 h6 8. 0-0 Nbd7 9. Re1 Ne4 10. Nd2 Ndf6 11. Ndxe4 Nxe4 12. f3 Nxc3 13. bxc3 Be7 14. e4 Bh7 15. Qe2 0-0 16. a4 Re8 17. Qa2 Bf6 18. Bd2 a6 19. a5 Qd7 20. Rad1 Re7 21. Kh2 Rae8 22. e5 Qc7 23. f4 Bxe5 24. dxe5 Ra8 25. Be3 Rd7 26. Bb6 Qc8 27. Qb3 Rxd1 28. Rxd1 Qe8 29. Bc7 Be4 30. Rd4 Bd5 31. Bxd5 cxd5 32. Qxb7 Rc8 33. Bd6 Qc6 34. Qxc6 Rxc6 35. Bb4 f6 36. Kg3 Kf7 37. Kf3 h5 38. g4 hxg4+ 39. hxg4 Rc8 40. g5 f5 41. Ke3 Kg6 42. Kd3 Kh5 43. c4 dxc4+ 44. Rxc4 Rxc4 45. Kxc4 Kg4 46. Bd2 Kf3 47. Kc5 Ke2 48. Kd6 Kxd2 49. Kxe6 g6 50. Kf6 Ke3 51. e6 Kxf4 52. e7 Kg4 53. e8Q f4 54. Qe2+ Kg3 55. Qf1 f3 56. Kxg6 f2 57. Kf5 Kf3 58. g6 Kg3 59. Ke4 Kg4 60. Qxf2 Kg5 1-0

[Event "HUN-ch U14 Girls"]
[Site "Balatonlelle"]
[Date "2016.06.24"]
[Round "1"]
[White "Kovacs, Lilla"]
[Black "Lengyel, Andrea"]
[Result "0-1"]
[WhiteElo "1647"]
[BlackElo "1845"]
[PlyCount "98"]
[EventDate "2016.06.24"]
[EventType "tourn"]
[EventRounds "9"]
[EventCountry "HUN"]
[SourceTitle "CBM 173 Extra"]
[Source "ChessBase"]
[SourceDate "2016.08.29"]
[SourceVersion "1"]
[SourceVersionDate "2016.08.29"]
[SourceQuality "1"]

1. d4 e6 2. c4 f5 3. Nc3 Nf6 4. Nf3 Bb4 5. Bd2 b6 6. e3 Bb7 7. Be2 0-0 8. 0-0 Bxc3 9. Bxc3 d6 10. b3 Nbd7 11. Rc1 Qe8 12. Bb2 Qg6 13. d5 e5 14. Qc2 Ne4 15. Bd3 Ndf6 16. Nh4 Qg5 17. Nxf5 Qxf5 18. f3 Qg5 19. Bxe4 Qxe3+ 20. Kh1 Qh6 21. Rce1 g6 22. Bc1 Qg7 23. Qd2 Qf7 24. Bd3 c6 25. dxc6 Bxc6 26. Ba3 Rad8 27. Qg5 Rfe8 28. Be4 Nxe4 29. fxe4 Qb7 30. Qg4 Qc7 31. h4 Qg7 32. Bb2 Bd7 33. Qg3 Rf8 34. Qd3 Qe7 35. g3 Bh3 36. Rf3 Rxf3 37. Qxf3 Rf8 38. Qe2 Rf6 39. Kh2 Be6 40. Rf1 Bg4 41. Qe1 Qf7 42. Rxf6 Qxf6 43. Ba3 Kf7 44. Kg1 Ke7 45. Qc3 Be2 46. Qc1 Qf3 47. Qg5+ Kd7 48. Qh6 Qxg3+ 49. Kh1 Bf3# 0-1

[Event "HUN-chT2 Maroczy 1516"]
[Site "Hungary"]
[Date "2015.11.29"]
[Round "3.12"]
[White "Makai, Bence"]
[Black "Lengyel, Andrea"]
[Result "0-1"]
[WhiteElo "1240"]
[BlackElo "1810"]
[PlyCount "90"]
[EventDate "2015.10.18"]
[EventType "team-tourn"]
[EventRounds "9"]
[EventCountry "HUN"]
[SourceTitle "CBM 170 Extra"]
[Source "ChessBase"]
[SourceDate "2016.02.25"]
[SourceVersion "1"]
[SourceVersionDate "2016.02.25"]
[SourceQuality "1"]
[WhiteTeam "MLTC"]
[BlackTeam "Dunaharaszti II"]
[WhiteTeamCountry "HUN"]
[BlackTeamCountry "HUN"]

1. d4 d5 2. Nf3 Nf6 3. c4 dxc4 4. e3 a6 5. Bxc4 e6 6. Nc3 c5 7. 0-0 Nc6 8. b3 b5 9. Be2 Bb7 10. Bb2 cxd4 11. exd4 Bb4 12. a3 Ba5 13. b4 Bb6 14. Na2 0-0 15. Nc1 Qe7 16. Nb3 Rfd8 17. Qc2 Rac8 18. Qb1 Na7 19. Rc1 Be4 20. Qa2 Bd5 21. Rxc8 Rxc8 22. Rc1 Rd8 23. Ne5 Ne4 24. Rd1 Rc8 25. Bd3 Nc3 26. Bxc3 Rxc3 27. Rb1 Bxd4 28. Bxh7+ Kxh7 29. Nf3 Bxb3 30. Qd2 Bf6 31. Rxb3 Rxb3 32. Qc2+ g6 33. Qxb3 Nc6 34. Qd1 Qd8 35. Qxd8 Nxd8 36. h4 Bb2 37. g4 Bxa3 38. Ng5+ Kg7 39. f4 Bxb4 40. Kg2 a5 41. Kf3 a4 42. Ne4 a3 43. Nf2 a2 44. Nd3 a1Q 45. Nxb4 Qc3+ 0-1

[Event "Budapest-chT1 Lilienthal 1516"]
[Site "Budapest"]
[Date "2015.11.15"]
[Round "4"]
[White "Lengyel, Andrea"]
[Black "Kiss, Peter2222"]
[Result "1/2-1/2"]
[WhiteElo "1807"]
[BlackElo "1966"]
[PlyCount "55"]
[EventDate "2015.09.20"]
[EventType "team-tourn"]
[EventRounds "9"]
[EventCountry "HUN"]
[SourceTitle "EXT 2021"]
[Source "ChessBase"]
[SourceDate "2020.10.23"]
[SourceVersion "1"]
[SourceVersionDate "2020.10.23"]
[SourceQuality "1"]
[WhiteTeam "SENSE"]
[BlackTeam "Fabulon"]
[WhiteTeamCountry "HUN"]
[BlackTeamCountry "HUN"]

1. d4 e6 2. c4 b6 3. Nc3 Bb7 4. Nf3 f5 5. Bf4 Nf6 6. e3 Be7 7. Bd3 d6 8. 0-0 Nbd7 9. Bg3 Nh5 10. Nd2 Nxg3 11. fxg3 0-0 12. Qc2 Bg5 13. Rae1 Nf6 14. Nf3 Bh6 15. h3 g6 16. e4 Nh5 17. Kh2 f4 18. g4 Ng3 19. Rf2 Bg7 20. Ne2 Nxe2 21. Rfxe2 e5 22. d5 Bf6 23. Rf1 Bc8 24. Kg1 g5 25. Qc3 Kg7 26. Rc2 Rh8 27. Nh2 Bd7 28. Be2 1/2-1/2

[Event "EU-ch U14 Girls 25th"]
[Site "Porec"]
[Date "2015.09.28"]
[Round "7"]
[White "Lengyel, Andrea"]
[Black "Gajcin, Marina"]
[Result "0-1"]
[WhiteElo "1807"]
[BlackElo "2075"]
[PlyCount "74"]
[EventDate "2015.09.21"]
[EventType "swiss"]
[EventRounds "9"]
[EventCountry "CRO"]
[SourceTitle "EXT 2016"]
[Source "ChessBase"]
[SourceDate "2015.10.08"]
[SourceVersion "1"]
[SourceVersionDate "2015.10.08"]
[SourceQuality "1"]

1. d4 Nf6 2. c4 g6 3. f3 d5 4. cxd5 Nxd5 5. e4 Nb6 6. Nc3 Bg7 7. Be3 0-0 8. Qd2 Nc6 9. 0-0-0 Qd6 10. Nb5 Qd7 11. Bh6 Bxh6 12. Qxh6 a6 13. Nc3 Nxd4 14. f4 f6 15. h4 e5 16. fxe5 fxe5 17. Nf3 Qe7 18. Nxd4 exd4 19. Rxd4 Bg4 20. Rd2 Rf7 21. Be2 Bxe2 22. Rxe2 Raf8 23. Rhe1 Nc4 24. Nd5 Qc5 25. Kb1 c6 26. Ne3 Ne5 27. Qg5 Qb5 28. Ng4 Qd3+ 29. Ka1 Nxg4 30. Qxg4 Kg7 31. a3 Rf1 32. Rxf1 Rxf1+ 33. Ka2 h5 34. Qe6 Qxe2 35. Qe5+ Rf6 36. Qe7+ Rf7 37. Qe5+ Kh7 0-1

[Event "EU-ch U14 Girls 25th"]
[Site "Porec"]
[Date "2015.09.27"]
[Round "6"]
[White "Antova, Gabriela"]
[Black "Lengyel, Andrea"]
[Result "1-0"]
[WhiteElo "2189"]
[BlackElo "1807"]
[PlyCount "81"]
[EventDate "2015.09.21"]
[EventType "swiss"]
[EventRounds "9"]
[EventCountry "CRO"]
[SourceTitle "EXT 2016"]
[Source "ChessBase"]
[SourceDate "2015.10.08"]
[SourceVersion "1"]
[SourceVersionDate "2015.10.08"]
[SourceQuality "1"]

1. Nf3 Nf6 2. g3 g6 3. Bg2 Bg7 4. 0-0 0-0 5. c4 d6 6. d4 Bg4 7. Nc3 Nc6 8. h3 Bxf3 9. Bxf3 Nd7 10. e3 e5 11. d5 Ne7 12. e4 a5 13. Bg2 f5 14. f4 Nc5 15. Rb1 Qd7 16. Kh2 Rae8 17. Qc2 fxe4 18. Nxe4 Nf5 19. Nxc5 dxc5 20. Bd2 Qd6 21. Rbe1 b6 22. Qd3 Re7 23. Re4 Rfe8 24. Rfe1 Qd7 25. b3 Nd6 26. R4e2 Nf5 27. Bc1 Nd4 28. Re4 Nf5 29. Bf3 exf4 30. Bxf4 Rxe4 31. Rxe4 Nd6 32. Bg4 Qd8 33. Be6+ Kh8 34. Re2 Nf5 35. Bxf5 gxf5 36. Bxc7 Rxe2+ 37. Qxe2 Qc8 38. Qe6 Qf8 39. Qxb6 Qe7 40. Qe6 Qf8 41. Bd6 1-0

[Event "HUN-chT U18"]
[Site "Budapest"]
[Date "2015.08.29"]
[Round "6.17"]
[White "Lengyel, Andrea"]
[Black "Fekete, Agnes"]
[Result "1-0"]
[WhiteElo "1780"]
[BlackElo "1795"]
[PlyCount "63"]
[EventDate "2015.08.26"]
[EventType "team-swiss"]
[EventRounds "8"]
[EventCountry "HUN"]
[SourceTitle "EXT 2016"]
[Source "ChessBase"]
[SourceDate "2015.10.08"]
[SourceVersion "1"]
[SourceVersionDate "2015.10.08"]
[SourceQuality "1"]

1. d4 Nf6 2. c4 g6 3. f3 Bg7 4. e4 d6 5. Nc3 0-0 6. Be3 e5 7. Nge2 Nc6 8. Qd2 Ne8 9. d5 Ne7 10. g4 c6 11. h4 cxd5 12. cxd5 Qa5 13. h5 Nf6 14. Ng3 Nxg4 15. fxg4 Bxg4 16. Bh6 f5 17. Bxg7 Kxg7 18. hxg6 hxg6 19. exf5 Nxf5 20. Nxf5+ Bxf5 21. Bd3 Rh8 22. 0-0-0 Bxd3 23. Qxd3 Rxh1 24. Rxh1 Rh8 25. Rxh8 Kxh8 26. Qxg6 Qa6 27. Qf6+ Kg8 28. Qd8+ Kg7 29. Qd7+ Kg6 30. Qb5 Kf5 31. Qxa6 bxa6 32. Kd2 1-0

[Event "HUN-chT U18"]
[Site "Budapest"]
[Date "2015.08.28"]
[Round "4.29"]
[White "Lengyel, Andrea"]
[Black "Majnay, Peter"]
[Result "0-1"]
[WhiteElo "1780"]
[BlackElo "1799"]
[PlyCount "60"]
[EventDate "2015.08.26"]
[EventType "team-swiss"]
[EventRounds "8"]
[EventCountry "HUN"]
[SourceTitle "EXT 2016"]
[Source "ChessBase"]
[SourceDate "2015.10.08"]
[SourceVersion "1"]
[SourceVersionDate "2015.10.08"]
[SourceQuality "1"]

1. d4 Nf6 2. c4 c5 3. d5 b5 4. cxb5 a6 5. e3 axb5 6. Bxb5 Bb7 7. Nc3 e6 8. Bc4 Qa5 9. Bd2 Qb6 10. e4 Nxe4 11. Nxe4 exd5 12. Nc3 dxc4 13. Nf3 Be7 14. 0-0 0-0 15. Re1 Bf6 16. Qc2 Bxf3 17. gxf3 Nc6 18. Be3 Nb4 19. Qd2 Nd3 20. Reb1 Qb7 21. Kg2 d5 22. Bg5 Bd4 23. Be3 Rfd8 24. Bxd4 cxd4 25. Ne2 Qb6 26. b3 Qf6 27. Rd1 Re8 28. Nc1 Nf4+ 29. Kh1 d3 30. bxc4 dxc4 0-1

[Event "HUN-chT U18"]
[Site "Budapest"]
[Date "2015.08.27"]
[Round "2.29"]
[White "Lengyel, Andrea"]
[Black "Terbe, Zsuzsanna"]
[Result "0-1"]
[WhiteElo "1780"]
[BlackElo "2103"]
[PlyCount "74"]
[EventDate "2015.08.26"]
[EventType "team-swiss"]
[EventRounds "8"]
[EventCountry "HUN"]
[SourceTitle "EXT 2016"]
[Source "ChessBase"]
[SourceDate "2015.10.08"]
[SourceVersion "1"]
[SourceVersionDate "2015.10.08"]
[SourceQuality "1"]

1. d4 d5 2. Nf3 Nf6 3. c4 c6 4. e3 Bg4 5. h3 Bh5 6. Nc3 e6 7. Be2 Nbd7 8. Ne5 Nxe5 9. dxe5 Bxe2 10. Qxe2 Nd7 11. cxd5 exd5 12. f4 Bc5 13. 0-0 0-0 14. Bd2 Qe7 15. Kh2 f6 16. exf6 Nxf6 17. Rae1 Rae8 18. Qd3 Ne4 19. Nxe4 Qxe4 20. Qxe4 Rxe4 21. Kg3 Rfe8 22. Kf3 Kf7 23. a3 a5 24. g4 a4 25. Rh1 b5 26. h4 d4 27. exd4 Rxe1 28. Rxe1 Rxe1 29. Bxe1 Bxd4 30. Bc3 Bxc3 31. bxc3 c5 32. Ke3 b4 33. Kd3 b3 34. h5 c4+ 35. Kd2 Ke6 36. Kd1 Kd5 37. Kd2 h6 0-1

[Event "Budapest Art Pub Cup 7th"]
[Site "Budapest"]
[Date "2015.03.15"]
[Round "6"]
[White "Szucs, Edina"]
[Black "Lengyel, Andrea"]
[Result "1/2-1/2"]
[WhiteElo "1667"]
[BlackElo "1734"]
[PlyCount "40"]
[EventDate "2015.03.13"]
[EventType "swiss"]
[EventRounds "6"]
[EventCountry "HUN"]
[SourceTitle "CBM 165 Extra"]
[Source "ChessBase"]
[SourceDate "2015.04.21"]
[SourceVersion "1"]
[SourceVersionDate "2015.04.21"]
[SourceQuality "1"]

1. e4 c5 2. Nf3 Nc6 3. d4 cxd4 4. Nxd4 Nf6 5. Nc3 e5 6. Ndb5 d6 7. Bg5 a6 8. Na3 b5 9. Nd5 Be7 10. Bxf6 Bxf6 11. c4 b4 12. Nc2 0-0 13. g3 a5 14. Bg2 Bg5 15. 0-0 Be6 16. b3 Rc8 17. Qd3 Ne7 18. Nce3 Bxe3 19. Nxe3 Nc6 20. Rad1 Nd4 1/2-1/2

[Event "Budapest Art Pub Cup 7th"]
[Site "Budapest"]
[Date "2015.03.14"]
[Round "4"]
[White "Bellan, Istvan"]
[Black "Lengyel, Andrea"]
[Result "1/2-1/2"]
[WhiteElo "1832"]
[BlackElo "1734"]
[PlyCount "56"]
[EventDate "2015.03.13"]
[EventType "swiss"]
[EventRounds "6"]
[EventCountry "HUN"]
[SourceTitle "CBM 165 Extra"]
[Source "ChessBase"]
[SourceDate "2015.04.21"]
[SourceVersion "1"]
[SourceVersionDate "2015.04.21"]
[SourceQuality "1"]

1. e4 c5 2. Nf3 Nc6 3. d4 cxd4 4. Nxd4 Nf6 5. Nc3 e5 6. Ndb5 d6 7. Bg5 a6 8. Na3 b5 9. Nd5 Be7 10. Bxf6 Bxf6 11. c3 0-0 12. Nc2 Bg5 13. a4 bxa4 14. Rxa4 a5 15. Bc4 Bd7 16. Ra2 Kh8 17. h4 Be7 18. g4 Be6 19. Nce3 Rc8 20. h5 Bg5 21. b3 h6 22. Nf5 Bxf5 23. gxf5 Ne7 24. Nxe7 Bxe7 25. Qd5 Rc5 26. Qd3 Qc7 27. Ra4 Bg5 28. Ke2 Rd8 1/2-1/2

[Event "Budapest Art Pub Cup 7th"]
[Site "Budapest"]
[Date "2015.03.14"]
[Round "2"]
[White "Virag, Balint"]
[Black "Lengyel, Andrea"]
[Result "0-1"]
[WhiteElo "1518"]
[BlackElo "1734"]
[PlyCount "82"]
[EventDate "2015.03.13"]
[EventType "swiss"]
[EventRounds "6"]
[EventCountry "HUN"]
[SourceTitle "CBM 165 Extra"]
[Source "ChessBase"]
[SourceDate "2015.04.21"]
[SourceVersion "1"]
[SourceVersionDate "2015.04.21"]
[SourceQuality "1"]

1. c4 e5 2. Nc3 Nc6 3. Nf3 Nf6 4. d4 exd4 5. Nxd4 Bb4 6. Qd3 d5 7. Nxc6 bxc6 8. e3 Ba6 9. Qd4 0-0 10. Bd2 c5 11. Qh4 d4 12. exd4 cxd4 13. Nb1 Re8+ 14. Kd1 Rb8 15. b3 Qd6 16. Bd3 Re7 17. Bg5 h6 18. Bd2 Rd8 19. Qg3 Qxg3 20. hxg3 Bxd2 21. Nxd2 Bb7 22. Nf3 Ng4 23. Rf1 Bxf3+ 24. gxf3 Nh2 25. Re1 Rxe1+ 26. Kxe1 Re8+ 27. Kd2 Nxf3+ 28. Kc2 a5 29. a3 c5 30. Rb1 Re1 31. Rxe1 Nxe1+ 32. Kd2 Nxd3 33. Kxd3 Kf8 34. b4 cxb4 35. axb4 axb4 36. Kxd4 h5 37. c5 Ke7 38. Kc4 g5 39. Kxb4 h4 40. Kb5 Kd7 41. Kb6 Kc8 0-1

[Event "Budapest Art Pub Cup 7th"]
[Site "Budapest"]
[Date "2015.03.13"]
[Round "1"]
[White "Lengyel, Andrea"]
[Black "Gasparics, Akos"]
[Result "0-1"]
[WhiteElo "1734"]
[BlackElo "2033"]
[PlyCount "104"]
[EventDate "2015.03.13"]
[EventType "swiss"]
[EventRounds "6"]
[EventCountry "HUN"]
[SourceTitle "CBM 165 Extra"]
[Source "ChessBase"]
[SourceDate "2015.04.21"]
[SourceVersion "1"]
[SourceVersionDate "2015.04.21"]
[SourceQuality "1"]

1. d4 d5 2. Nf3 Nf6 3. c4 c6 4. e3 a6 5. b3 b5 6. Bb2 bxc4 7. bxc4 g6 8. Bd3 Bg7 9. 0-0 0-0 10. Nc3 Nbd7 11. cxd5 cxd5 12. Qe2 Re8 13. Ne5 Nxe5 14. dxe5 Nd7 15. f4 Nc5 16. Ba3 Nxd3 17. Qxd3 e6 18. Bd6 a5 19. a4 Ba6 20. Nb5 Bf8 21. Bxf8 Rxf8 22. Rfb1 Rc8 23. Qd2 Rc5 24. Rc1 Rxc1+ 25. Rxc1 Bxb5 26. axb5 Qb6 27. Ra1 Ra8 28. Qd3 a4 29. Kf2 Qc5 30. Kf3 h5 31. Rb1 Qb6 32. Ra1 Ra5 33. Ra2 Qc5 34. Ra1 Kg7 35. h3 a3 36. b6 a2 37. b7 Qb4 38. Qc2 Qxb7 39. Rxa2 d4+ 40. Kf2 d3 41. Qb2 Rxa2 42. Qxa2 Qb4 43. Kf1 Qc3 44. Qa8 Qc1+ 45. Kf2 Qd2+ 46. Kf1 Qe2+ 47. Kg1 Qxe3+ 48. Kh1 d2 49. Qd8 Qxf4 50. Kg1 Qe3+ 51. Kh1 Qe1+ 52. Kh2 Qxe5+ 0-1

[Event "Budapest Art Pub Cup 6th"]
[Site "Budapest"]
[Date "2015.01.04"]
[Round "6"]
[White "Lengyel, Andrea"]
[Black "Forgacs, Andras"]
[Result "1-0"]
[WhiteElo "1711"]
[BlackElo "1570"]
[PlyCount "162"]
[EventDate "2015.01.02"]
[EventType "swiss"]
[EventRounds "6"]
[EventCountry "HUN"]
[SourceTitle "CBM 164 Extra"]
[Source "ChessBase"]
[SourceDate "2015.03.02"]
[SourceVersion "1"]
[SourceVersionDate "2015.03.02"]
[SourceQuality "1"]

1. d4 d5 2. Nf3 Nf6 3. c4 c6 4. e3 e6 5. b3 Nbd7 6. Bd3 Bd6 7. Bb2 0-0 8. 0-0 dxc4 9. bxc4 b6 10. e4 Bc7 11. e5 Ne8 12. Be4 Bb7 13. Ba3 f5 14. Bc2 Rf7 15. Qd2 h6 16. Re1 Qb8 17. Qe2 a6 18. Bb3 Bc8 19. Nc3 Nf8 20. Rab1 Qa7 21. Nd1 Bd7 22. Nb2 Bd8 23. Nd3 Be7 24. Bc1 Nc7 25. Nf4 Rd8 26. Be3 Bb4 27. Red1 Re7 28. a4 a5 29. d5 Ree8 30. Qa2 c5 31. Bc2 g5 32. Nd3 Ng6 33. Nxb4 axb4 34. Ra1 Qa5 35. Qb1 Rf8 36. dxe6 Bxe6 37. Rxd8 Rxd8 38. Bxf5 Ne7 39. Bxe6+ Nxe6 40. h3 Nd4 41. Bxd4 cxd4 42. Qd3 Qc5 43. Re1 Kg7 44. Nd2 Qc6 45. Re4 Qg6 46. Qb3 Nc6 47. f3 Qe6 48. Nf1 Qe7 49. Qd1 Qc5 50. Nd2 d3+ 51. Kh1 Nxe5 52. Qa1 Kf6 53. Qf1 Ng6 54. Qe1 Nf4 55. Rxf4+ Kg7 56. Re4 Rd7 57. Qa1+ Kg6 58. Qe1 Qf5 59. Re5 Qf7 60. Qe4+ Kg7 61. Qe1 Qf6 62. Re8 Kf7 63. Re5 b3 64. Rb5 Re7 65. Qb1 Qc3 66. Ne4 Qc2 67. Rxb3 Rd7 68. Rxb6 Qxa4 69. Rd6 Rxd6 70. Nxd6+ Ke6 71. Qxd3 Qa1+ 72. Kh2 Qe5+ 73. Kg1 Qxd6 74. Qxd6+ Kxd6 75. Kf2 Kc5 76. Kg3 Kxc4 77. Kg4 Kd3 78. Kh5 Ke3 79. Kxh6 Kf4 80. Kh5 Kg3 81. Kxg5 Kxg2 1-0